00625nam a22001817a 450000500170000002000180001708200200003510000300005524500570008526000390014230000090018150400370019065000280022765000570025594200120031299900190032495201000034320260226122304.0 a9789391972295 223a577.54bCOL aCollins, Demarcus 911041 aEcology of Desert Environments :cDemarcus Collins  aJaipur :bAgrotech press ,c2022 . a288p aInclude Bibliography and Index . aDesertification 911042 aDrought Preparedness and Drought Management .911043 2ddccBK c757119d757119 00102ddc4070aESbESd2026-02-26l0o577.54 COLpES2521r2026-02-26 06:53:56w2026-02-26yBK